000 00230nam a2200097Ia 4500
001 986676
005 20250826221105.0
008 250824s9999 xx 000 0 und d
245 0 _aÇALINAN MEKTUP
_cEDGAR ALLAN POE
260 _bKETEBE
999 _c986676
_d986676